|
|
|
|
| LEADER |
00979nam a2200253 a 4500 |
| 001 |
c000049404 |
| 003 |
CARM |
| 005 |
00000000000000.0 |
| 008 |
s1974 xra s00010 eng d |
| 019 |
1 |
|
|a 2680110
|z 58069208
|5 LACONCORD2021
|
| 035 |
|
|
|a (OCoLC)220277865
|5 LACONCORD2021
|
| 040 |
|
|
|a SSL
|c SSL
|
| 042 |
|
|
|a anuc
|
| 043 |
|
|
|a u-at-sa
|
| 110 |
1 |
0 |
|a South Australia.
|b Monarto Development Commission.
|b Social Planning Division.
|
| 245 |
1 |
0 |
|a Design philosophy and social considerations /
|c Social Planning Division.
|
| 260 |
|
|
|a Unley, S. Aust. :
|b Monarto Development Commission,
|c 1974.
|
| 300 |
|
|
|a 20 leaves ;
|c 30 cm.
|
| 500 |
|
|
|a Cover title.
|
| 651 |
|
0 |
|a Monarto (S. Aust.)
|x Social policy.
|
| 852 |
8 |
|
|b CARM
|h A2:AF09D1
|i D01008
|p 0059878
|f BK
|
| 082 |
0 |
4 |
|a 307.12/0994232
|2 19
|
| 999 |
f |
f |
|i b09cc72c-8a70-5cd9-a734-f0d80d6287a2
|s d6e5f401-e68b-5971-9228-80dcb0c4b403
|
| 952 |
f |
f |
|p Can circulate
|a CAVAL
|b CAVAL
|c CAVAL
|d CARM 1 Store
|e D01008
|f A2:AF09D1
|h Other scheme
|i book
|m 0059878
|